ATP 2026 Tournaments - Statistics

General Stats
  • This quiz has been taken 190 times
  • The average score is 35 of 64
Answer Stats
Hint Answer % Correct
SLAM Australian Open
96%
SLAM Roland Garros
95%
MASTERS 1000 Rome
94%
SLAM Wimbledon
94%
MASTERS 1000 Miami
93%
SLAM US Open
93%
MASTERS 1000 Madrid
90%
MASTERS 1000 Indian Wells
88%
MASTERS 1000 Paris
86%
MASTERS 1000 Monte-Carlo
83%
ATP 500 Barcelona
81%
MASTERS 1000 Shanghai
77%
MASTERS 1000 Cincinnati
72%
ATP 500 Rio De Janeiro
71%
ATP FINALS Turin
70%
ATP 250 Brisbane
68%
ATP 250 Buenos Aires
68%
ATP 500 Doha
68%
ATP 500 London
68%
ATP 500 Tokyo
68%
ATP 500 Dubai
67%
ATP 500 Munich
67%
MASTERS 1000 Montreal
65%
ATP 500 Halle
64%
ATP 500 Beijing
61%
ATP 500 Hamburg
60%
ATP 500 Rotterdam
59%
ATP 500 Acapulco
58%
Cup Davis Cup
58%
CUP Davis Cup
58%
ATP 250 Adelaide
57%
ATP 500 Dallas
54%
ATP 500 Vienna
53%
Cup United cup
51%
ATP 250 Auckland
49%
ATP 250 Stockholm
49%
ATP 250 Hongkong
46%
ATP 250 Montpellier
46%
ATP 500 Basel
45%
ATP 250 Geneva
45%
ATP 250 Santiago
45%
ATP 250 Marrakech
44%
ATP 250 Stuttgart
42%
ATP 250 Houston
41%
ATP 500 Washington
41%
ATP 250 Athens
40%
CUP Laver Cup
40%
ATP 250 Brussels
36%
ATP 250 Delray Beach
33%
ATP 250 Eastbourne
33%
ATP 250 Lyon
32%
ATP 250 Mallorca
32%
ATP 250 Gstaad
31%
ATP 250 Bucharest
29%
ATP 250 Bastad
28%
ATP 250 Umag
28%
ATP 250 Winston-Salem
25%
ATP 250 Kitzbuhel
22%
ATP 250 Estoril
20%
ATP 250 s-Hertogenbosch
19%
ATP 250 Los Cabos
18%
ATP 250 Almaty
16%
ATP 250 Chengdu
15%
ATP 250 Hangzhou
14%
No matching quizzes found
Score Distribution
Percent of People with Each Score
Percentile by Number Answered
Your Score History
You have not taken this quiz